Vulvanized rubber- Guide to storage (Record no. 74074)

MARC details
000 -LEADER
fixed length control field 00360nam a2200121Ia 4500
245 #0 - TITLE STATEMENT
Title Vulvanized rubber- Guide to storage
260 ## - PUBLICATION, DISTRIBUTION, ETC. (IMPRINT)
Place of publication Switzerland
260 ## - PUBLICATION, DISTRIBUTION, ETC. (IMPRINT)
Year of publication 1973
Name of publisher International Organization for Standardization
500 ## - GENERAL NOTE
General note Standard number: ISO 2230
650 ## - SUBJECT ADDED ENTRY--TOPICAL TERM
Topical Term Vulcanized rubber storage
942 ## - ADDED ENTRY ELEMENTS (KOHA)
Koha item type Standards
Holdings
Withdrawn status Lost status Damaged status Not for loan Home library Current library Date acquired Koha item type
      Standards RRII Library RRII Library 31/12/2021 Standards